000 00679nam a2200205Ia 4500
001 22873
003 GE_BSU
008 181216s||||||||xx |||||||||||||| ||und||
040 _cGE_BSU
245 _aВестник Древней истории №2 том 78 Апрель-Май-Июнь 2018
245 _bJournal of ancient history
245 _cГл. ред. А.И.Иванчук и др.
260 _aМосква
260 _c2018
300 _a197-495 стр. 24см.
653 _aВестник Древней истории №2 том 78 Апрель-Май-Июнь 2018
653 _aПериодика
653 _aპერიოდიკა
942 _cCR
999 _c55776
_d55776